Quizzes
Events
Quiz Creation
Community
Videos
Private Events
Remove Ads
Sign In
Join for FREE
Feedback
Dark Mode
Quiz Categories
Sports
Geography
Music
Movies
Television
Just For Fun
Miscellaneous
History
Literature
Language
Science
Gaming
Entertainment
Religion
Holiday
For Kids
Quiz Lab
Recent
Popular Today
Quiz Kudos Today
Editor Picks
Curator Picks
Quizzes by...
Day
Popularity
Type
Ratings
Length
Year
Community
Subscriptions
Recent Discussions
Orange Saloon
Badges
Playlists
Quests
Create
Leaderboards
Showdown
Live 5
Trivia Bingo
Activity
Puzzle Library
Sporcle Events
Private Events
Virtual Trivia
Globe League
Become a Host
Pub Owners
SporcleCon
Opinionation
Our Games
Videos
Blog
Mobile Apps
Partnerships
Remove Ads and Go Orange
Feedback
Science
Computer
Plants
Astronomy
Chemistry
Elements
Math
Animal
Physics
Anatomy
Biology
Geology
General Science
Science
Computer
Plants
Astronomy
Chemistry
Elements
Math
Animal
Physics
Anatomy
Biology
Geology
General Science
Random Quiz
Search Sporcle
×
Quiz Lab
Quiz Lab
Science
Geology
Type in answers that appear in a list
Type in answers that appear in a list
Classic
Best Score? Go Orange.
Can you name The coal ranks in order? Stats
Can you name the Name The coal formation chain in order?
By
MrBeatlemania
60s
5 Questions
47 Plays
47 Plays
47 Plays
Comments
Comments
Give Quiz Kudos
Give Quiz Kudos
-
- Ratings
hide this ad
Forced Order
Answers have to be entered in order
Answers have to be entered in order
Minefield
Wrong answers will end the quiz
Wrong answers will end the quiz
Wrong Answers
Some wrong answers will appear in red
Some wrong answers will appear in red
Replay
Link that replays current quiz
Next Quiz
Link to next quiz in quiz playlist
You Got
0%
They Got
Avg Score
68%
Avg Friend Score
Upgrade to see
Score Distribution
Jump to the score distribution portion of the page
Score
0/5
Timer
01:00
0
Plays Today
coal rank
% Correct
???
93.6%
???
83%
???
68.1%
???
59.6%
???
40.4%
Quiz Playlist
Details
Report
Send in Message
Add To Playlist
Classic:
Type in answers that appear in a list
Forced Order:
Answers have to be entered in order
Minefield:
Wrong answers will end the quiz
Wrong Answers:
Some wrong answers will appear in red
Last Updated: Feb 16, 2017
Quiz Scoreboard
CHALLENGE
Sign Up to Join the Scoreboard
Show All
Scores
Hide
Comments
May contain spoilers
Recently Published
Presidents Visiting Landmarks
by Hejman
History
7m
An Introduction to Baseball
by treessimontrees
Sports
5m
Movies - When Are They Set?
by FPL_Elf
Movies
5m
More to Explore
Quiz From the Vault
Featured Blog Post
Where Did the Easter Bunny Come From?
hide this ad
You Might Also Like...
Tags
Geology Quiz
A 2
coal
formation
Order
Today's Top Quizzes in Science
Browse Science
hide this ad
Today's Top Quizzes in Geology
Browse Geology
Top Contributed Quizzes in Science
1
Quick Pick: Radians
2
Quick Pick: 'CI-CJ' Animals
3
Elements In Images
4
One Thing in Common: Science
5
One Thing in Common: Science III
6
One Thing in Common: Animals
7
1 to 50
8
Name the Acid, Base or Salt
9
One Thing in Common: Science II
10
Count to 60
Explore More
Trending Topics
NBA
Kpop
Marvel
Disney
Crossword
Harry Potter
Anime
WWE
Country
The Office
Puzzle
Soccer
Song
NFL
Pokémon
hide this ad
More By:
MrBeatlemania
Quiz
Plays
Rating
Category
Featured
Created
Can you name The coal ranks in order?
47
3.00
Science
Jun 6, 2013
Go to Creator's Profile
Score Distribution
Quiz Creator Spotlight
MrBeatlemania
Follow
Send a Message
Quizzes Created
-
Created Quiz Play Count
-
More By This Creator
Popular Quizzes Today
1
Find the US States - No Outlines Minefield
2
Find the Countries of Europe - No Outlines Minefield
3
The Countries of the World
4
Find the US States
5
Popular People in 1961
6
US States
7
Risky Map Clicking: Biggest States A-Z
8
1-10 Letter E Words III
More Science Quizzes
Sorting Out the Bugs
Published
Trending Quizzes
Risky Map Clicking: Least Populous States A-Z
1-10 Letter G Words
1-10 Letter F Words
One Thing in Common: United Kingdom
Risky Map Clicking: Next State Alphabetically
Recently Updated
Leaping Animals
pecheneg
Reality TV Shows (A-Z)
bhenderson79
Rickey Henderson's Hall of Fame Teammates
pecheneg
Champions League XIs: Arsenal
pecheneg
Quick Pick: Celebrities in WWE's Hall of Fame
aduchscher
A-Z Keypad Blitz II
pecheneg
Multiple Oscar Actors
pecheneg
Mystery Phrase Blitz: Oscar 'Best Actors'
pecheneg
F. Scott Fitzgerald Novels
LTH
Pick 3 Villains
ddd62291
Trending Topics
Harry Potter
Disney
Anime
NBA
Crossword
Marvel
Kpop
WWE
Soccer
Country
Puzzle
Pokémon
The Office
Song
NFL
Your Account Isn't Verified!
In order to create a playlist on Sporcle, you need to verify the email address you used during registration. Go to your
Sporcle Settings
to finish the process.
Report this User
Report this user for behavior that violates our
Community Guidelines
.
Details:
Send Report
Go to the Sporcle.com Mobile Site →
Comments